<?xml version="1.0" encoding="UTF-8"?><?xml-stylesheet type="text/xsl" href="static/style.xsl"?><OAI-PMH xmlns="http://www.openarchives.org/OAI/2.0/" xmlns:xsi="http://www.w3.org/2001/XMLSchema-instance" xsi:schemaLocation="http://www.openarchives.org/OAI/2.0/ http://www.openarchives.org/OAI/2.0/OAI-PMH.xsd"><responseDate>2026-04-13T01:38:26Z</responseDate><request verb="GetRecord" identifier="oai:www.recercat.cat:2445/228605" metadataPrefix="marc">https://recercat.cat/oai/request</request><GetRecord><record><header><identifier>oai:recercat.cat:2445/228605</identifier><datestamp>2026-03-31T19:18:37Z</datestamp><setSpec>com_2072_1057</setSpec><setSpec>col_2072_478810</setSpec></header><metadata><record xmlns="http://www.loc.gov/MARC21/slim" xmlns:dcterms="http://purl.org/dc/terms/" xmlns:xsi="http://www.w3.org/2001/XMLSchema-instance" xmlns:doc="http://www.lyncode.com/xoai" xsi:schemaLocation="http://www.loc.gov/MARC21/slim http://www.loc.gov/standards/marcxml/schema/MARC21slim.xsd">
   <leader>00925njm 22002777a 4500</leader>
   <datafield ind2=" " ind1=" " tag="042">
      <subfield code="a">dc</subfield>
   </datafield>
   <datafield ind2=" " ind1=" " tag="720">
      <subfield code="a">Ambròs, Alba</subfield>
      <subfield code="e">author</subfield>
   </datafield>
   <datafield ind2=" " ind1=" " tag="720">
      <subfield code="a">Sabido-Codina, Judit</subfield>
      <subfield code="e">author</subfield>
   </datafield>
   <datafield ind2=" " ind1=" " tag="720">
      <subfield code="a">Fuentes Moreno, Concha</subfield>
      <subfield code="e">author</subfield>
   </datafield>
   <datafield ind2=" " ind1=" " tag="260">
      <subfield code="c">2026-03-30T14:17:25Z</subfield>
   </datafield>
   <datafield ind2=" " ind1=" " tag="260">
      <subfield code="c">2026-03-30T14:17:25Z</subfield>
   </datafield>
   <datafield ind2=" " ind1=" " tag="260">
      <subfield code="c">2024-03</subfield>
   </datafield>
   <datafield ind2=" " ind1=" " tag="520">
      <subfield code="a">Estamos inmersos en un cambio de paradigma comunicativo acelerado por la pandemia provocada por el COVID-19 y la guerra de Ucrania. Desde un punto de vista educativo, se realiza un análisis documental del currículum de la LOE y la LOMCE de educación secundaria con el fin de probar la presencia o ausencia de las competencias relacionadas con la alfabetización mediática e informacional (AMI). A partir de un muestreo intencional-criterial se eligen 67 programas de cinco asignaturas de la LOE y la LOMCE de siete comunidades autónomas. Las tres dimensiones preestablecidas para el análisis son la competencia mediática, la competencia digital y la capacidad de pensamiento crítico. Los resultados hallados revelan que no existe ninguna competencia clave ni asignatura relacionada directamente con las competencias de la AMI, si bien las materias de Educación Visual y Plástica y la de Lengua Castellana son las que incluyen más contenidos relacionados con la dimensión mediática y digital. Además, la Comunidad Valenciana, seguida de la catalana destacan por la inclusión de referencias de la AMI en la LOMCE. A nivel de competencias clave de los dos currículums relacionadas con la AMI, se corrobora un giro léxico conceptual acorde al nuevo paradigma en la competencia digital.</subfield>
   </datafield>
   <datafield ind1="8" ind2=" " tag="024">
      <subfield code="a">https://hdl.handle.net/2445/228605</subfield>
   </datafield>
   <datafield tag="653" ind2=" " ind1=" ">
      <subfield code="a">Alfabetització informacional</subfield>
   </datafield>
   <datafield tag="653" ind2=" " ind1=" ">
      <subfield code="a">Alfabetització mediàtica</subfield>
   </datafield>
   <datafield tag="653" ind2=" " ind1=" ">
      <subfield code="a">Educació secundària</subfield>
   </datafield>
   <datafield tag="653" ind2=" " ind1=" ">
      <subfield code="a">Espanya</subfield>
   </datafield>
   <datafield tag="653" ind2=" " ind1=" ">
      <subfield code="a">Information literacy</subfield>
   </datafield>
   <datafield tag="653" ind2=" " ind1=" ">
      <subfield code="a">Media literacy</subfield>
   </datafield>
   <datafield tag="653" ind2=" " ind1=" ">
      <subfield code="a">Secondary education</subfield>
   </datafield>
   <datafield tag="653" ind2=" " ind1=" ">
      <subfield code="a">Spain</subfield>
   </datafield>
   <datafield ind2="0" ind1="0" tag="245">
      <subfield code="a">Estudio exploratorio sobre la alfabetización mediática e informacional en el currículum de la LOE y la LOMCE en España</subfield>
   </datafield>
</record></metadata></record></GetRecord></OAI-PMH>